000 00496cam a2200181 i 4500
005 20260226134948.0
008 250721s2000 ii gr 000 0 eng d
020 _a007040223X
082 1 4 _a658.15
_bK H A
100 1 _aKhan, M.Y
_eauthor.
245 1 0 _aBasic Financial mangment /
_cM Y Khan, P K Jain.
250 _afirst edition.
264 3 1 _aNew Delhi :
_bTata Mc graw Hill,
_c2000.
300 _a325 pages.
650 1 7 _aManegement.
942 _2ddc
_cBK
999 _c83771
_d83771